000 00776nam a2200253 i 4500
001 C2-0302698
003 PPAK
005 20180728083727.0
008 100207s2005 caua|||| ||||| | eng d
020 _a078797787X
040 _aPPAK
_beng
_cPPAK
_erda
082 0 4 _a658.4092082
_223
090 0 0 _a658.4092082
_bCOU
_dLCK
100 1 _aCounghlin, Linda,
_eauthor
245 1 0 _aEnlightened power
_bhow women are transforming the practice of leadership
264 1 _aSan Francisco :
_bJossey - Bass ,
_c2005
300 _axxix, 539 pages :
_billustrations ;
_c23 cm
336 _2rdacontent
_atext
337 _2rdamedia
_aunmediated
338 _2rdacarrier
_avolume
650 1 0 _aLeadership
700 1 _aWingrad, Ellen ; Hollihan, Keith,
_eeditor
942 _ddc
_cB
999 _c106253
_d106253